The invisible weapons, (Record no. 552159)
[ view plain ]
| 000 -LEADER | |
|---|---|
| fixed length control field | 00763cam a2200169 4500 |
| 082 ## - DEWEY DECIMAL CLASSIFICATION NUMBER | |
| Classification number | 940.2 |
| Author Mark | SIL |
| 100 1# - MAIN ENTRY--PERSONAL NAME | |
| Personal name | Silber, Jules Crawford. [from old catalog] |
| 9 (RLIN) | 49367 |
| 245 14 - TITLE STATEMENT | |
| Title | The invisible weapons, |
| Statement of responsibility, etc. | by J. C. Silber; with a foreword by Major-General Edward Gleichen. |
| 260 ## - PUBLICATION, DISTRIBUTION, ETC. | |
| Place of publication, distribution, etc. | London, |
| Name of publisher, distributor, etc. | Hutchinson & co., limited, |
| Date of publication, distribution, etc. | 1932. |
| 300 ## - PHYSICAL DESCRIPTION | |
| Extent | 288 p. |
| Other physical details | illus. (facsims.) |
| Dimensions | 22 cm. |
| 500 ## - GENERAL NOTE | |
| General note | The story of a German secret service agent who was employed by the British Postal censorship during the war. |
| 526 ## - STUDY PROGRAM INFORMATION NOTE | |
| Program name | 0 |
| Interest level | 0 |
| Reading level | 0 |
| Title point value | 940_200000000000000_SIL |
| 650 #0 - SUBJECT ADDED ENTRY--TOPICAL TERM | |
| Topical term or geographic name entry element | World War, 1914-1918 |
| General subdivision | Censorship |
| Geographic subdivision | Great Britain. |
| 9 (RLIN) | 49368 |
| 650 #0 - SUBJECT ADDED ENTRY--TOPICAL TERM | |
| Topical term or geographic name entry element | World War, 1914-1918 |
| General subdivision | Propaganda. |
| 9 (RLIN) | 48814 |
| 650 #0 - SUBJECT ADDED ENTRY--TOPICAL TERM | |
| Topical term or geographic name entry element | World War, 1914-1918 |
| General subdivision | Secret service |
| Geographic subdivision | Germany. |
| 9 (RLIN) | 49369 |
| 942 ## - ADDED ENTRY ELEMENTS (KOHA) | |
| Source of classification or shelving scheme | |
| Koha item type | Book |
| Withdrawn status | Lost status | Source of classification or shelving scheme | Damaged status | Not for loan | Permanent Location | Current Location | Shelving location | Date acquired | Total Checkouts | Full call number | Barcode | Date last seen | Price effective from | Koha item type |
|---|---|---|---|---|---|---|---|---|---|---|---|---|---|---|
| Military College of Engineering (MCE) | Military College of Engineering (MCE) | 01/09/2015 | 940.2 SIL | MCE-EC1/75 | 01/09/2015 | 01/09/2015 | Book |
